Statistics for Name the Holes of Augusta National Golf Club

Click here to take the quiz!

General Stats

  • This quiz has been taken 138 times
  • The average score is 6 of 18

Answer Stats

HoleParAnswer% Correct
#123Azalea
62%
#54Magnolia
55%
#25Pink Dogwood
44%
#184Holly
35%
#135Golden Bell
35%
#114White Dogwood
35%
#14Tea Olive
32%
#63Juniper
32%
#155Firethorn
31%
#43Flowering Crab Apple
27%
#34Flowering Peach
27%
#144Chinese Fir
24%
#74Pampas
22%
#163Redbud
22%
#94Carolina Cherry
21%
#174Nandina
21%
#104Camellia
18%
#85Yellow Jasmine
17%

Score Distribution

Percentile by Number Answered

Percent of People with Each Score

Your Score History

You have not taken this quiz